[Event "Titled Tue 26th Aug Early"]
[Site "chess.com INT"]
[Date "2025.08.26"]
[Round "6"]
[White "Nguyen, Thanh Nghia"]
[Black "Cai, Chaoruo"]
[Result "1-0"]
[WhiteTitle "CM"]
[BlackTitle "CM"]
[WhiteElo "2124"]
[BlackElo "2274"]
[WhiteFideId "12401870"]
[BlackFideId "8618402"]
[EventDate "2025.08.26"]

1. d4 d5 2. Bf4 Bf5 3. e3 e6 4. Nf3 Nf6 5. Be2 Be7 6. O-O O-O 7. c4 c6 8. Nc3
Nbd7 9. h3 Rc8 10. Qb3 Qb6 11. c5 Qxb3 12. axb3 a6 13. b4 h6 14. Nd2 Rfe8 15. g4
Bh7 16. Nb3 Bd8 17. Bd6 Ne4 18. Nxe4 Bxe4 19. f4 Bc7 20. Na5 Bxd6 21. cxd6 Rb8
22. Nb3 Nb6 23. Nc5 Red8 24. f5 exf5 25. gxf5 Rxd6 26. Rf4 Rf6 27. Bg4 h5 28.
Nxe4 dxe4 29. Bxh5 Nd5 30. Rxe4 Rxf5 31. Bg4 Rg5 32. h4 f5 33. hxg5 fxe4 34.
Be6+ Kh7 35. Bf5+ g6 36. Bxe4 Nxb4 37. Rf1 Kg7 38. Rf6 Re8 39. Rxg6+ Kf7 40.
Rf6+ Kg7 41. Rf4 Nd5 42. Bxd5 cxd5 43. Kf2 Rc8 44. Rf5 Rc2+ 45. Kf3 Rxb2 46.
Rxd5 b5 47. Rd7+ Kg6 48. Rd6+ Kxg5 49. Rxa6 b4 50. Ke4 b3 51. Rb6 Rb1 52. Ke5 b2
53. e4 Kh5 54. d5 Kg5 55. d6 Kh5 56. Ke6 Re1 57. Rxb2 Rxe4+ 58. Kd7 Kg6 59. Rf2
Rd4 60. Ke7 Re4+ 61. Kd8 Rd4 62. d7 Re4 63. Rc2 Ra4 64. Kc7 Ra7+ 65. Kd6 Ra6+
66. Rc6 Ra8 67. Rc8 Ra6+ 68. Kc5 Ra5+ 69. Kb4 Ra1 70. d8=Q Rb1+ 71. Ka3 Ra1+ 72.
Kb2 Rf1 73. Qg8+ Kh6 74. Rc6+ Kh5 75. Qh7+ Kg5 76. Rg6+ Kf4 77. Qf7+ Ke3 78.
Re6+ Kd2 79. Qd7# 1-0

[Event "Titled Tue 26th Aug Early"]
[Site "chess.com INT"]
[Date "2025.08.26"]
[Round "6"]
[White "Zdorov, Egor Vit"]
[Black "Aguilera Rodriguez, Alfredo R."]
[Result "1/2-1/2"]
[WhiteTitle "CM"]
[BlackTitle "FM"]
[WhiteElo "2094"]
[BlackElo "2348"]
[WhiteFideId "55688560"]
[BlackFideId "3512991"]
[EventDate "2025.08.26"]

1. Nf3 Nf6 2. c4 e6 3. g3 d5 4. Bg2 Be7 5. d4 O-O 6. O-O c6 7. Nc3 b6 8. Ne5
Nfd7 9. cxd5 Nxe5 10. dxe5 cxd5 11. Nxd5 exd5 12. Qxd5 Nc6 13. Qxd8 Rxd8 14.
Bxc6 Rb8 15. Bf4 Ba6 16. Bf3 g5 17. Be3 Rbc8 18. Rac1 Bc4 19. b3 Be6 20. Rxc8
Rxc8 21. Rc1 Rxc1+ 22. Bxc1 Bf5 23. e4 Be6 24. Be2 g4 25. h3 h5 26. hxg4 hxg4
27. Be3 Kf8 28. Kf1 Bb4 29. Bd3 Bc3 30. Bf4 Ke7 31. Ke2 Kd7 32. Bb5+ Kc7 33. Kd3
Bb2 34. Bc4 Kc6 35. a4 Kc5 36. Bxe6 fxe6 37. Bg5 Bxe5 38. Be7+ Kc6 39. Ke3 b5
40. f4 Bc7 41. Bh4 Bb6+ 42. Ke2 Kc5 43. f5 exf5 44. exf5 Kd5 45. axb5 Ke5 46. f6
Ke6 47. Kd3 Bc7 48. Ke4 Bb8 49. b4 Bd6 50. f7 Kxf7 51. Kf5 Bxb4 52. Kxg4 Ke6 53.
Bg5 Kd5 54. Be3 Kc4 55. Bxa7 Kxb5 56. Kf5 Kc6 57. Ke6 Bd2 58. g4 Bc1 59. Bd4 Bd2
60. Be5 Bc1 61. Bf6 Bd2 62. Kf5 Kd7 63. Bg5 Bc3 64. Bf4 Ke8 65. Kg6 Kf8 66. Kh7
Bf6 67. Kg6 Bd8 68. Kh7 Kf7 69. Bh6 Bf6 70. Bf4 Be7 71. Kh6 Bf8+ 72. Kh7 Be7 73.
Be3 Bd8 74. Kh6 Kg8 75. Bf4 Be7 76. Kg6 Bd8 77. Be5 Be7 78. Bf6 Bd6 79. Kf5 Bc5
80. g5 Bb4 81. g6 Ba3 82. Be5 Bb4 83. Bf4 Ba3 84. Bg5 Bb4 85. Bf6 Ba3 86. Bc3
Bc5 87. Ke5 Kg7 88. Kf5+ Kg8 89. Be5 Bb4 90. Ke6 Ba3 91. Kf6 Bb4 92. Bf4 Ba3 93.
Bg5 Bb2+ 94. Kf5 Kg7 95. Be7 Bc1 96. Bb4 Bb2 97. Bd2 Kg8 98. Bh6 Ba3 99. Ke6 Bb2
100. Bg5 Kg7 101. Kf5 Ba3 102. Bf4 Kg8 103. Be5 Bb4 1/2-1/2

[Event "Titled Tue 26th Aug Early"]
[Site "chess.com INT"]
[Date "2025.08.26"]
[Round "6"]
[White "Molina, Roberto Junio Brito"]
[Black "Tifferet, Shakked"]
[Result "1-0"]
[WhiteTitle "IM"]
[BlackTitle "FM"]
[WhiteElo "2378"]
[BlackElo "2322"]
[WhiteFideId "2109450"]
[BlackFideId "2811529"]
[EventDate "2025.08.26"]

1. d4 f5 2. e3 e6 3. g3 Nf6 4. Bg2 d5 5. Nf3 Bd6 6. b3 a5 7. Ba3 Bxa3 8. Nxa3 a4
9. O-O O-O 10. c4 axb3 11. axb3 Nc6 12. Nb5 Ra6 13. Rxa6 bxa6 14. Nc3 Qd6 15.
Qc2 Bd7 16. Ra1 Nb4 17. Qd2 Rb8 18. Ne5 Be8 19. c5 Qd8 20. Na2 Nxa2 21. Qxa2 Bb5
22. Bf1 Qe8 23. Bxb5 axb5 24. Qa7 Rc8 25. Ra6 Ng4 26. Nf3 e5 27. Qb7 e4 28.
Qxd5+ Kh8 29. Ne5 Nxe5 30. Qxe5 Qh5 31. Ra1 h6 32. h4 Qf3 33. Qf4 Qxf4 34. gxf4
c6 35. Ra6 Rc7 36. h5 Kg8 37. f3 exf3 38. Kf2 Kf7 39. Kxf3 Ke6 40. e4 fxe4+ 41.
Kxe4 Re7 42. Rxc6+ Kf7+ 43. Kf3 b4 44. d5 Re1 45. d6 Rd1 46. Ke4 Ke6 47. f5+ Kf7
48. Rc7+ Kf6 49. d7 Ke7 50. c6 Re1+ 51. Kd5 Rd1+ 52. Kc5 Rc1+ 53. Kxb4 Rd1 54.
Rc8 Rd4+ 55. Kc5 Rd5+ 56. Kxd5 g6 57. Re8+ Kf6 58. fxg6 Kg5 59. Re5+ Kh4 60. g7
Kh3 61. Ke6 Kh2 62. Rc5 Kh3 63. b4 Kh2 64. Kf6 Kh3 65. Kg6 Kh2 66. Kxh6 Kh3 67.
Kh7 Kh2 68. Kh8 Kh3 69. Kg8 Kh2 70. Kf7 Kh3 71. Kf8 Kh2 72. Ke7 Kh3 73. Ke8 Kh2
74. Kd8 Kh3 75. Kc7 Kh2 76. Kc8 Kh3 77. Kb7 Kh2 78. Kb8 Kh3 79. Ka7 Kh2 80. Ka8
Kh3 81. Kb7 Kh2 82. Kb6 Kh3 83. Ka6 Kh2 84. Ka5 Kh3 85. Kb5 Kh2 86. Ka4 Kh3 87.
h6 Kh2 88. h7 Kh3 89. h8=R+ Kg3 90. g8=R+ Kf4 91. d8=R Ke4 92. c7 Kf4 93. c8=R
Ke4 94. b5 Kf4 95. b6 Kf3 96. b7 Ke4 97. b8=R Ke3 98. Rb4 Kf3 99. Rd3+ Kf2 100.
Rh2+ Kf1 101. Rc1# 1-0

[Event "Titled Tue 26th Aug Early"]
[Site "chess.com INT"]
[Date "2025.08.26"]
[Round "6"]
[White "Svane, Rasmus"]
[Black "Lamaze, Simon"]
[Result "0-1"]
[WhiteTitle "GM"]
[BlackTitle "IM"]
[WhiteElo "2619"]
[BlackElo "2468"]
[WhiteFideId "4657101"]
[BlackFideId "36069264"]
[EventDate "2025.08.26"]

1. Nf3 f5 2. d3 d6 3. e4 g6 4. exf5 Bxf5 5. d4 Nf6 6. Bd3 Qd7 7. O-O Bg7 8. Re1
Nc6 9. c4 Bg4 10. Be3 O-O 11. Nbd2 e5 12. dxe5 dxe5 13. Ne4 Bxf3 14. gxf3 Nd4
15. Kg2 Nxe4 16. Bxe4 c6 17. Qd3 Rad8 18. Rad1 Qf7 19. Bxd4 exd4 20. c5 Qf4 21.
Qc4+ Rf7 22. Qe6 Be5 23. Qh3 Kg7 24. Rd3 Qf6 25. b4 a6 26. a4 h5 27. Kh1 Kh6 28.
Qg2 g5 29. h3 Bf4 30. Rb1 Re7 31. b5 axb5 32. axb5 Ra8 33. bxc6 bxc6 34. Rdb3
Bc7 35. Rb7 Ra5 36. Rc1 d3 37. Bxd3 Ra1 38. Rbb1 Rxb1 39. Rxb1 Qd4 40. Be4 Qxc5
41. Rd1 Qe5 42. Qg3 Qxg3 43. fxg3 Bxg3 44. Bxc6 Re2 45. Kg1 Kg6 46. Be4+ Kf6 47.
Rd5 Bf4 48. h4 Be3+ 49. Kf1 Rf2+ 50. Ke1 gxh4 51. Rf5+ Ke6 52. Rxh5 Rh2 53. Bf5+
Ke5 54. Bg4+ Kd4 55. Rh7 Bg5 56. Kf1 Ke3 57. Rh8 Rc2 58. Re8+ Kf4 59. Ke1 Kg3
60. Rg8 Rc5 61. Ke2 h3 62. Bxh3 Kxh3 63. f4 Bxf4 64. Kf3 Bh6 65. Rh8 Rc6 66. Rh7
Kh4 67. Rh8 Kh5 68. Re8 Bg5 69. Re5 Kg6 70. Rd5 Re6 71. Rc5 Re3+ 72. Kf2 Ra3 73.
Rd5 Kh5 74. Ke2 Kg4 75. Rd4+ Bf4 76. Rd8 Re3+ 77. Kf2 Re6 78. Rg8+ Bg5 79. Rg7
Rd6 80. Ke2 Rd2+ 81. Ke1 Ra2 82. Kd1 Kf4 83. Rf7+ Ke4 84. Rg7 Be3 85. Rc7 Kd3
86. Rd7+ Bd4 87. Rc7 Rd2+ 88. Ke1 Rg2 89. Rf7 Rg6 90. Rf8 Rg7 91. Rf1 Ra7 92.
Rf3+ Be3 93. Kf1 Rg7 94. Ke1 Rb7 95. Kf1 Ke4 96. Rf8 Bf4 97. Ke1 Rc7 98. Rd8 Kf3
99. Rd3+ Be3 100. Rd8 Rc1+ 101. Rd1 Rc2 102. Rd8 Bf4 103. Rd7 Ke3 104. Re7+ Kd4
105. Rd7+ Ke4 106. Re7+ Kf3 107. Rd7 Rh2 108. Rd8 Bg5 109. Kd1 Bxd8 0-1

[Event "Titled Tue 26th Aug Early"]
[Site "chess.com INT"]
[Date "2025.08.26"]
[Round "6"]
[White "Tallada Serret, Gerard"]
[Black "Bodemar, Jonathan"]
[Result "1/2-1/2"]
[WhiteTitle "CM"]
[BlackTitle "CM"]
[WhiteElo "2091"]
[BlackElo "2154"]
[WhiteFideId "54764190"]
[BlackFideId "6205488"]
[EventDate "2025.08.26"]

1. e4 e6 2. d4 d5 3. exd5 exd5 4. c4 Nf6 5. Nc3 Bb4 6. Nf3 O-O 7. Bd3 dxc4 8.
Bxc4 Re8+ 9. Be3 Be6 10. Bxe6 Rxe6 11. O-O c6 12. Qb3 Bxc3 13. bxc3 b6 14. Rfe1
Nbd7 15. Bf4 Nf8 16. Ng5 Rxe1+ 17. Rxe1 Qd5 18. Qc2 h6 19. Nf3 c5 20. c4 Qd7 21.
d5 Re8 22. Rd1 Ng6 23. Bg3 Ne4 24. Ne5 Nxe5 25. Qxe4 Nc6 26. Qd3 Nd4 27. f3 b5
28. Bf2 bxc4 29. Qxc4 Re5 30. Qxc5 Rxd5 31. Rxd4 Rxc5 32. Rxd7 Rc1+ 33. Be1
Rxe1+ 34. Kf2 Ra1 35. Rxa7 g6 36. Kg3 h5 37. a4 Kg7 38. a5 Ra2 39. Kh3 Ra3 40.
Kh4 Ra2 41. Kg3 Ra3 42. h4 Ra2 43. a6 Ra3 44. Ra8 Ra2 45. a7 Ra3 46. Kf4 Ra2 47.
Ke5 Ra4 48. Kd6 Ra2 49. Kc6 Ra1 50. Kb7 Rb1+ 51. Kc7 Rc1+ 52. Kd6 Rd1+ 53. Kc6
Rc1+ 54. Kb6 Rb1+ 55. Ka5 Ra1+ 56. Kb4 Rb1+ 57. Ka3 Ra1+ 58. Kb2 Ra4 59. Kb3 Ra1
60. g4 hxg4 61. fxg4 Kh7 62. Kc4 Kg7 63. Kd4 Ra4+ 64. Ke5 Ra5+ 65. Kf4 Ra4+ 66.
Kg3 Ra3+ 67. Kg2 Ra2+ 68. Kf3 Ra3+ 69. Ke4 Ra4+ 70. Kd5 Ra5+ 71. Kc6 Ra1 72. Kd6
Rd1+ 73. Ke5 Re1+ 74. Kf4 Rf1+ 75. Kg3 Ra1 76. h5 gxh5 77. gxh5 Ra3+ 78. Kg4
Ra4+ 79. Kg5 Ra5+ 80. Kg4 Ra4+ 81. Kf3 Ra3+ 82. Ke4 Ra4+ 83. Kd5 Ra5+ 84. Kc6
Ra1 85. h6+ Kh7 86. Kd6 f5 87. Ke5 Ra5+ 88. Kf4 Ra4+ 89. Kxf5 Ra5+ 90. Ke4 Ra4+
91. Kd5 Ra5+ 92. Kc4 Ra1 93. Kc5 Rc1+ 94. Kd6 Rd1+ 95. Kc7 Rc1+ 96. Kd8 Rd1+ 97.
Ke8 Re1+ 98. Kf8 Rf1+ 99. Ke7 Re1+ 100. Kf7 Rf1+ 101. Ke6 Re1+ 102. Kf6 Rf1+
103. Kg5 Rg1+ 104. Kh4 Rh1+ 105. Kg3 Ra1 106. Kf2 Ra2+ 107. Ke1 Ra1+ 108. Kd2
Ra4 109. Kc1 Ra5 110. Kb2 Ra6 111. Kb3 Ra5 112. Kb4 Ra1 113. Kc5 Rc1+ 114. Kd6
Rd1+ 115. Kc7 Rc1+ 116. Kb8 Rb1+ 117. Kc8 Rc1+ 118. Kb7 Rb1+ 119. Kc6 Rc1+ 120.
Kd5 Rd1+ 121. Ke6 Re1+ 122. Kf5 Rf1+ 123. Kg5 Rg1+ 124. Kf4 Rf1+ 125. Kg3 Ra1
126. Rb8 Rxa7 127. Rb6 Ra5 128. Kg4 Rc5 129. Rb7+ Kxh6 1/2-1/2

[Event "Titled Tue 26th Aug Early"]
[Site "chess.com INT"]
[Date "2025.08.26"]
[Round "6"]
[White "Popov, Tikhon"]
[Black "Huschenbeth, Niclas"]
[Result "1/2-1/2"]
[WhiteTitle "FM"]
[BlackTitle "GM"]
[WhiteElo "2335"]
[BlackElo "2591"]
[WhiteFideId "24252026"]
[BlackFideId "24604747"]
[EventDate "2025.08.26"]

1. e4 c5 2. Nf3 d6 3. Bb5+ Nd7 4. O-O a6 5. Bd3 Ngf6 6. Re1 e6 7. c3 b5 8. Bc2
c4 9. a4 Bb7 10. d4 cxd3 11. Qxd3 Nc5 12. Qe2 bxa4 13. Rxa4 Be7 14. Rd4 Qc7 15.
e5 dxe5 16. Nxe5 O-O 17. b4 Ncd7 18. Nxd7 Nxd7 19. Bf4 Qc8 20. Rc4 Qd8 21. Rc7
Bd5 22. c4 e5 23. Qd3 g6 24. Rxd7 Qxd7 25. Rxe5 Qg4 26. cxd5 Qxf4 27. Rxe7 Qc1+
28. Qd1 Qxd1+ 29. Bxd1 Rac8 30. Nd2 Rc1 31. Re1 Rd8 32. Nb3 Rb1 33. Kf1 Rxd5 34.
Bc2 Rxe1+ 35. Kxe1 Rb5 36. Nc5 a5 37. Nd3 axb4 38. Ba4 Ra5 39. Bb3 Ra3 40. Nc5
Ra1+ 41. Kd2 Rg1 42. g3 Rg2 43. Nd3 Rxh2 44. Ke3 Rh1 45. Bc2 Kg7 46. Nxb4 h5 47.
Nd3 Kf6 48. Nf4 Kg5 49. Be4 Ra1 50. Kf3 Ra3+ 51. Kg2 h4 52. Nh3+ Kh5 53. Bf3+
Kh6 54. gxh4 Kg7 55. Ng5 Ra4 56. Kg3 Ra3 57. Nh3 Rb3 58. Nf4 Ra3 59. Ne2 Rb3 60.
Kg2 Rb2 61. Ng3 Rb4 62. h5 gxh5 63. Nxh5+ Kg6 64. Ng3 Rb3 65. Bd5 Ra3 66. Be4+
Kf6 67. Bd5 Ke7 68. Bc4 Kf6 69. Kf1 Kg7 70. Ke2 Rc3 71. Bd3 Ra3 72. Ke3 Ra2 73.
Be4 Ra4 74. f3 Kf6 75. Kf4 Rb4 76. Nf1 Ra4 77. Ne3 Ra3 78. Nd5+ Kg7 79. Ke5 Ra1
80. f4 Ra5 81. f5 f6+ 82. Kf4 Ra4 83. Nc7 Rb4 84. Nd5 Ra4 85. Nc7 Rc4 86. Ne6+
Kf7 87. Ke3 Rc3+ 88. Kd4 Rc1 89. Bd5 Rd1+ 90. Kc5 Ke7 91. Nd4 Rf1 92. Be6 Rc1+
93. Kd5 Rd1 94. Kc4 Rc1+ 95. Kd3 Rd1+ 96. Ke3 Re1+ 97. Kf4 Rf1+ 98. Kg4 Rg1+ 99.
Kf3 Rf1+ 100. Ke3 Re1+ 101. Kf2 Rd1 102. Nf3 Ra1 103. Kg3 Ra3 104. Kg4 Ra4+ 105.
Kh5 Ra3 106. Nd4 Rg3 107. Kh4 Rg1 108. Kh3 Rg7 109. Nf3 Kd6 110. Nh4 Rg5 111.
Bc4 Rg1 112. Bd3 Rg7 113. Ng2 Rh7+ 114. Kg3 Rg7+ 115. Kf3 Ke7 116. Ne3 Rg5 117.
Ng4 Rh5 118. Kf4 Rh1 119. Bc4 Rg1 120. Bg8 Rf1+ 121. Kg3 Rg1+ 122. Kf4 Rf1+ 123.
Ke4 Re1+ 124. Kf3 Rf1+ 125. Nf2 Ra1 126. Bh7 Ra3+ 127. Kg4 Ra2 128. Ne4 Ra4 129.
Kf3 Rb4 130. Ke3 Rb3+ 131. Kd4 Rh3 1/2-1/2

[Event "Titled Tue 26th Aug Early"]
[Site "chess.com INT"]
[Date "2025.08.26"]
[Round "6"]
[White "Gilfanov, Marat I"]
[Black "Siva Kumar, Nirish Kumar"]
[Result "1/2-1/2"]
[WhiteTitle "FM"]
[BlackTitle "FM"]
[WhiteElo "2304"]
[BlackElo "2214"]
[WhiteFideId "34372164"]
[BlackFideId "35820802"]
[EventDate "2025.08.26"]

1. e4 c6 2. d4 d5 3. e5 Bf5 4. Nf3 e6 5. Be2 c5 6. Be3 cxd4 7. Nxd4 Ne7 8. O-O
Nbc6 9. c4 Nxd4 10. Bxd4 Nc6 11. Nc3 dxc4 12. Be3 Qxd1 13. Rfxd1 a6 14. Na4 Be7
15. Nb6 Rd8 16. Nxc4 O-O 17. f4 b5 18. Nd6 Bg6 19. a4 bxa4 20. Bxa6 Nb4 21. Rxa4
Bc2 22. Rxb4 Bxd1 23. Bc5 Ra8 24. Bb7 Ra1 25. Kf2 Ra4 26. Rxa4 Bxa4 27. b4 Rb8
28. Be4 Bd7 29. Ke3 g6 30. Kd4 Bd8 31. Kc4 Bc7 32. Ba7 Bxd6 33. exd6 Rc8+ 34.
Bc5 Rb8 35. Ba7 Rc8+ 36. Kd4 Kf8 37. Bd3 Ra8 38. Bc5 Rb8 39. Ke5 Kg7 40. Ba6 f6+
41. Kd4 Kf7 42. Kc4 e5 43. fxe5 fxe5 44. b5 Ke6 45. b6 Bc6 46. g3 Kd7 47. Kb4 e4
48. Be3 Rf8 49. Bf4 Rb8 50. Kc5 Ra8 51. b7 Rb8 52. Kb6 Rf8 53. Bb5 Bxb5 54. Kxb5
g5 55. Bxg5 Rf1 56. Bd2 Rf8 57. Kb6 Kxd6 58. Bf4+ Kd5 59. Ka7 Kd4 60. b8=N e3
61. Nc6+ Kd3 62. Ne5+ Ke4 63. Nc4 e2 64. Nd2+ Kd3 65. Nf3 Rf7+ 66. Kb6 Rf6+ 67.
Kc5 Ke4 68. Nd2+ Kf5 69. Nf3 Kg4 70. Ne1 Ra6 71. Kd4 Kh3 72. Ke3 Ra2 73. Kf2
Kxh2 74. g4+ Kh3 75. g5 Kg4 76. Be3 Ra8 77. Kxe2 Ra2+ 78. Kf1 Kh3 79. Bf4 Ra4
80. Be3 Kg4 81. Ke2 Ra8 82. Nd3 Kf5 83. Nf2 Ra2+ 84. Kf3 Rb2 85. Nh3 Rb3 86. Kg3
Rxe3+ 87. Kh4 Re4+ 88. Kh5 Re1 89. Kh4 Rh1 90. Kg3 Ra1 91. Kh4 Ra3 92. Nf2 Rf3
93. Nh3 Rf1 94. Kg3 Kg6 95. Kg4 Rh1 96. Nf4+ Kf7 97. Nh3 Ra1 98. Nf4 Ra4 99. Kf5
Ra5+ 100. Kg4 Kg7 101. Nh5+ Kf8 102. Nf4 h5+ 103. Kxh5 Kg8 104. Kh6 Ra1 105. Nh5
Rh1 106. Kg6 Kf8 107. Nf6 Ra1 108. Nh7+ Ke7 109. Nf6 Ra6 110. Kg7 Ra7 111. Kg6
Ke6 112. Nh5 Ra6 113. Kh6 Kf5+ 114. Nf6 Ra1 115. Nh7 Rh1+ 116. Kg7 Rh2 117. g6
Rg2 118. Nf8 Rxg6+ 119. Nxg6 1/2-1/2

[Event "Titled Tue 26th Aug Early"]
[Site "chess.com INT"]
[Date "2025.08.26"]
[Round "7"]
[White "Piesik, Piotr"]
[Black "Devaev, Alexander"]
[Result "1-0"]
[WhiteTitle "IM"]
[BlackTitle "FM"]
[WhiteElo "2427"]
[BlackElo "2306"]
[WhiteFideId "1136194"]
[BlackFideId "4169395"]
[EventDate "2025.08.26"]

1. Nf3 Nf6 2. g3 c5 3. c3 Nc6 4. d4 cxd4 5. cxd4 d5 6. Bg2 Bg4 7. O-O e6 8. Nc3
Be7 9. Ne5 Nxe5 10. dxe5 Nd7 11. Qa4 Bf5 12. e4 dxe4 13. Nxe4 O-O 14. Bf4 Qb6
15. Qxd7 1-0

[Event "Titled Tue 26th Aug Early"]
[Site "chess.com INT"]
[Date "2025.08.26"]
[Round "7"]
[White "Ambartsumian, Tyhran"]
[Black "Shafer, Logan C"]
[Result "1-0"]
[WhiteTitle "CM"]
[BlackTitle "CM"]
[WhiteElo "2244"]
[BlackElo "2234"]
[WhiteFideId "34161112"]
[BlackFideId "30993342"]
[EventDate "2025.08.26"]

1. e4 c6 2. d4 d5 3. exd5 cxd5 4. Bd3 Nc6 5. c3 e6 6. Nf3 Bd6 7. O-O Nge7 8. Re1
O-O 9. Ng5 Nf5 10. Qh5 g6 11. Qxh7# 1-0

[Event "Titled Tue 26th Aug Early"]
[Site "chess.com INT"]
[Date "2025.08.26"]
[Round "7"]
[White "Chassard, Cedric"]
[Black "Mecit, Emre"]
[Result "1-0"]
[WhiteTitle "FM"]
[WhiteElo "2208"]
[BlackElo "2007"]
[WhiteFideId "16243536"]
[BlackFideId "6304214"]
[EventDate "2025.08.26"]

1. b3 Nf6 2. Bb2 g6 3. Bxf6 exf6 4. c4 Bg7 5. Nc3 O-O 6. e3 d6 7. g3 a5 8. Nge2
Na6 9. Bg2 c6 10. O-O Rb8 11. d4 Qc7 12. Qd2 Be6 13. Nf4 b5 14. cxb5 cxb5 15.
Ncd5 Bxd5 16. Nxd5 Qd7 17. Qxa5 Ra8 18. Nb6 1-0

[Event "Titled Tue 26th Aug Early"]
[Site "chess.com INT"]
[Date "2025.08.26"]
[Round "7"]
[White "Iljin, Timofey"]
[Black "Bahmani, Koorosh"]
[Result "0-1"]
[WhiteTitle "IM"]
[BlackTitle "CM"]
[WhiteElo "2242"]
[BlackElo "2205"]
[WhiteFideId "14110180"]
[BlackFideId "42576750"]
[EventDate "2025.08.26"]

1. e4 c6 2. d4 d5 3. e5 Bf5 4. h4 h5 5. Bg5 Qb6 6. Bd3 Bxd3 7. Qxd3 e6 8. Nd2
Nd7 9. c4 Ne7 10. Ne2 Nf5 11. O-O Be7 12. Ng3 Bxg5 13. hxg5 Qxd4 14. Qxd4 Nxd4
15. cxd5 cxd5 16. Rac1 h4 17. Nh1 Ne2+ 18. Kh2 Nxc1 19. Rxc1 Ke7 20. f4 Rac8 21.
Rb1 Rc2 22. Nf3 h3 23. Ne1 hxg2+ 0-1

[Event "Titled Tue 26th Aug Early"]
[Site "chess.com INT"]
[Date "2025.08.26"]
[Round "7"]
[White "Brzezina, Pawel"]
[Black "Pribelszky, Bence"]
[Result "0-1"]
[WhiteTitle "CM"]
[BlackTitle "IM"]
[WhiteElo "2128"]
[BlackElo "2428"]
[WhiteFideId "21078866"]
[BlackFideId "769738"]
[EventDate "2025.08.26"]

1. d4 d5 2. c4 e6 3. Nf3 Nf6 4. g3 dxc4 5. Bg2 a6 6. Ne5 c5 7. Qa4+ b5 8. Qd1
Ra7 9. Bc6+ Nxc6 10. Nxc6 Qd5 11. Nxa7 Qxh1+ 12. Kd2 Qxd1+ 13. Kxd1 Bb7 14. a4
b4 15. Be3 Ng4 16. Bf4 cxd4 0-1

[Event "Titled Tue 26th Aug Early"]
[Site "chess.com INT"]
[Date "2025.08.26"]
[Round "7"]
[White "Pavlidou, Ekaterini"]
[Black "Yeung, Jason"]
[Result "0-1"]
[WhiteTitle "WIM"]
[BlackTitle "FM"]
[WhiteElo "2217"]
[BlackElo "2158"]
[WhiteFideId "4213262"]
[BlackFideId "8203970"]
[EventDate "2025.08.26"]

1. d4 f5 2. e4 fxe4 3. f3 exf3 4. Nxf3 Nf6 5. Bd3 g6 6. c4 Bg7 7. Qc2 O-O 8. Nc3
Nc6 9. a3 d6 10. O-O Bg4 11. d5 Bxf3 12. Rxf3 Nd4 13. Qd1 Nxf3+ 14. Qxf3 Qd7 15.
h3 e5 16. dxe6 Qxe6 17. Qxb7 Qe1+ 18. Bf1 Ng4 19. Qd5+ Kh8 20. Bf4 0-1

[Event "Titled Tue 26th Aug Early"]
[Site "chess.com INT"]
[Date "2025.08.26"]
[Round "7"]
[White "Arslanov, Shamil"]
[Black "Shubhi Gupta"]
[Result "1-0"]
[WhiteTitle "IM"]
[BlackTitle "WFM"]
[WhiteElo "2410"]
[BlackElo "2213"]
[WhiteFideId "4192826"]
[BlackFideId "25195425"]
[EventDate "2025.08.26"]

1. d4 d5 2. e4 dxe4 3. Nc3 Nf6 4. f3 exf3 5. Nxf3 Bg4 6. h3 Bh5 7. g4 Bg6 8. Ne5
e6 9. Bg2 c6 10. h4 Bb4 11. O-O Bxc3 12. bxc3 Ne4 13. h5 Nxc3 14. hxg6 Nxd1 15.
gxf7+ Kf8 16. Ba3+ Qe7 17. Bxe7+ Kxe7 18. Raxd1 1-0

[Event "Titled Tue 26th Aug Early"]
[Site "chess.com INT"]
[Date "2025.08.26"]
[Round "7"]
[White "Bachmann, Axel"]
[Black "Nepomniachtchi, Ian"]
[Result "1-0"]
[WhiteTitle "GM"]
[BlackTitle "GM"]
[WhiteElo "2578"]
[BlackElo "2742"]
[WhiteFideId "3700488"]
[BlackFideId "4168119"]
[EventDate "2025.08.26"]

1. c4 e5 2. Nc3 Nf6 3. g3 Bb4 4. Bg2 O-O 5. e4 d6 6. Nge2 Nc6 7. O-O a5 8. d3
Bc5 9. h3 Re8 10. Kh2 Rb8 11. f4 h6 12. Nd5 Nxd5 13. cxd5 Nd4 14. f5 f6 15. g4
c6 16. Ng3 b5 17. h4 b4 18. g5 hxg5 19. hxg5 Kf7 20. Qh5+ Ke7 21. gxf6+ Kd7 22.
Qf7+ Re7 23. Qxe7+ Qxe7 24. fxe7 Ba6 25. Bg5 Rh8+ 26. Bh3 Bxd3 27. f6+ Rxh3+ 28.
Kxh3 gxf6 29. Rxf6 Kxe7 30. Rf3+ 1-0

[Event "Titled Tue 26th Aug Early"]
[Site "chess.com INT"]
[Date "2025.08.26"]
[Round "7"]
[White "Przybylski, Bartosz"]
[Black "Gilfanov, Marat I"]
[Result "0-1"]
[WhiteTitle "CM"]
[BlackTitle "FM"]
[WhiteElo "2041"]
[BlackElo "2304"]
[WhiteFideId "21878323"]
[BlackFideId "34372164"]
[EventDate "2025.08.26"]

1. Nf3 Nf6 2. b3 g6 3. Bb2 Bg7 4. g3 O-O 5. Bg2 d6 6. d4 Nc6 7. c4 Nd7 8. O-O e5
9. dxe5 Ne7 10. exd6 Bxb2 11. dxe7 Qxe7 12. Nbd2 Bxa1 13. Qxa1 c6 14. e3 Nf6 15.
Nd4 Be6 16. Rc1 Rfd8 17. c5 Rd7 18. Nc4 Bxc4 19. Rxc4 Rad8 20. h4 h5 21. Qb2 Nd5
22. Qc1 Nc7 23. Kh2 Ne6 24. Nxe6 Qxe6 25. Re4 Qf6 26. Qc4 Qxf2 27. Rf4 Qxe3 28.
Be4 Kg7 29. Rf3 Qd2+ 30. Kh3 Re7 31. Bb1 Qd1 32. Qc3+ Kg8 0-1

[Event "Titled Tue 26th Aug Early"]
[Site "chess.com INT"]
[Date "2025.08.26"]
[Round "7"]
[White "Kleibel, Uwe"]
[Black "Sarveshwaran V"]
[Result "0-1"]
[WhiteTitle "FM"]
[BlackTitle "CM"]
[WhiteElo "2301"]
[BlackElo "2290"]
[WhiteFideId "1270982"]
[BlackFideId "25699016"]
[EventDate "2025.08.26"]

1. e4 Nf6 2. e5 Nd5 3. d4 d6 4. Nf3 g6 5. g3 Bg7 6. Bg2 O-O 7. O-O c5 8. exd6
exd6 9. dxc5 dxc5 10. c4 Nb4 11. Na3 h6 12. Qb3 a6 13. Be3 Qa5 14. Rfd1 Bd7 15.
Rxd7 Nxd7 16. Rd1 Rad8 17. h4 Nb8 18. Rxd8 Rxd8 19. Nb1 Qxa2 20. Qxa2 Nxa2 21.
Nc3 0-1

[Event "Titled Tue 26th Aug Early"]
[Site "chess.com INT"]
[Date "2025.08.26"]
[Round "7"]
[White "Liu, Zachary Hankun"]
[Black "Ivanov, Alexander"]
[Result "0-1"]
[BlackTitle "GM"]
[WhiteElo "1998"]
[BlackElo "2376"]
[WhiteFideId "2640287"]
[BlackFideId "2000202"]
[EventDate "2025.08.26"]

1. e4 c5 2. Nf3 d6 3. d4 cxd4 4. Nxd4 Nf6 5. Nc3 Nc6 6. Bg5 e6 7. f4 Be7 8. Qd2
a6 9. O-O-O Nxd4 10. Qxd4 b5 11. e5 dxe5 12. Qxd8+ Bxd8 13. fxe5 Nd7 14. Bxd8
Kxd8 15. Bd3 Ke7 16. Rhe1 Bb7 17. Be4 Bxe4 18. Rxe4 Rac8 19. Ne2 Rc5 20. Nd4
Rhc8 21. Rde1 Rc4 22. R1e2 Nxe5 23. Nxe6 Rxe4 0-1

[Event "Titled Tue 26th Aug Early"]
[Site "chess.com INT"]
[Date "2025.08.26"]
[Round "7"]
[White "Jimenez Salas, Maria Teresa"]
[Black "Amburgy, Ryan"]
[Result "1/2-1/2"]
[WhiteTitle "WIM"]
[BlackTitle "FM"]
[WhiteElo "2249"]
[BlackElo "2363"]
[WhiteFideId "3843866"]
[BlackFideId "30924820"]
[EventDate "2025.08.26"]

1. e4 c5 2. Nf3 e6 3. d4 cxd4 4. Nxd4 Nf6 5. Nc3 Nc6 6. Ndb5 d6 7. Bf4 e5 8. Bg5
a6 9. Na3 b5 10. Nd5 Be7 11. Bxf6 Bxf6 12. c3 O-O 13. Nc2 Rb8 14. g3 Bg5 15. Bg2
Be6 16. h4 Bh6 17. O-O a5 18. Nce3 Ne7 19. Nxe7+ Qxe7 20. Nd5 Qa7 21. Qd3 Rfd8
22. Rfd1 g6 23. a3 Bg7 24. Rac1 Bg4 25. Bf3 Be6 26. Rc2 Qb7 27. b4 Rbc8 28. c4
axb4 29. axb4 bxc4 30. Rxc4 Bxd5 31. Rxc8 Rxc8 32. Qxd5 Qxd5 33. Rxd5 Bf8 34. b5
Rc3 35. Bd1 Rc1 36. Kg2 Rb1 37. Be2 1/2-1/2